| 000 | 01288nam0a2200289 4500 | ||
|---|---|---|---|
| 001 | RU\NLR\BIBL_A\011870449 | ||
| 005 | 20250128194045.0 | ||
| 010 |
_a978-5-88185-384-6 _9130 |
||
| 021 |
_aRU _bКН-П-18-075299 _9КН-П-18-5442 |
||
| 035 | _a(NLR Aleph) 011870449 | ||
| 090 |
_a13419529 _c13419529 |
||
| 100 | _a20181126d2018 m y0rusy50 ca | ||
| 101 | 0 | _abak | |
| 102 | _aRU | ||
| 105 | _ac z 000 y | ||
| 200 | 1 |
_aЯрлыҡабым - тыуған ауылым _e[Башҡортостан Респ. Әбйәлил р-ны] _fР. Ә. Илһамова-Абдуллина |
|
| 210 |
_aӨфө _cБашҡорт энциклопедияһы _d2018 |
||
| 215 |
_a198,[1] б. _cпортр., фот. _d20 |
||
| 320 | _aБиблиогр.: с. [197] (13 назв.) | ||
| 541 | 1 |
_6z01790 _aЯрлыкапово - деревня родная моя _e[история д. Ярлыкапово Абзелиловского р-на Респ. Башкортостан]. _zrus |
|
| 686 | 1 | _aТ3(2Р-6Б)-9 | |
| 700 | 1 |
_aИлһамова-Абдуллина _bР. Ә. _f1953- _gРоза Әсғәт ҡыҙы _4070 |
|
| 790 | 1 |
_6z01541 _aИльгамова-Абдуллина _bР. А. _gРоза Асгатовна _4070 |
|
| 852 |
_aNLR _bОНЛ _jБашк./2-5140 |
||
| 942 | _cBOOK | ||
| 980 | _aNB | ||